000 00531nam a2200181Ia 4500
008 240925s9999 xx 000 0 und d
020 _a852295030
082 _a423 WEB
100 _aWebster , Merriam
245 0 _aWebster Third New International Dictionary and Seven Language Dictionary
250 _a3rd
260 _aChicago:
_bEncyclopadia Britanic
_c,1986.
300 _axxix,640p.
_bII
_fOriginal
500 _aIncludes Index
600 _aHumanities & Natural Science
650 _aEnglish and Old English
942 _cBK
999 _c2741
_d2741